000 00921nam a22003137a 4500
001 BR9704347
003 BR-BrBNA
005 20230928095728.0
007 ta
008 230509b bl.||||| |||| 00| 0 por d
040 _aBR-BrBNA
_bpor
_cBiblioteca Nacional de Agricultura
041 _a(Por)
072 _aE14; E13; E70
_b2120
090 _ 2120 BR9704347
110 1 _aSecretaria de Estado da Agricultura, Vitoria, ES (Brasil)
_98853
245 1 _aPrograma de revitalizacao da cafeicultura capixaba; RECAFE
260 3 _aVitoria, ES (Brasil):
_c1993.
300 _a134 p.
500 _a48 tables; Bibliography p. 129-134
650 _aCafeicultura
650 _aCrise Economica
650 _aPolitica de Desenvolvimento
650 _aEscoamento da Producao
650 _aBolsa de Mercadorias
650 _aInsumo
650 _aEspirito Santo
909 _a202309
_bLucia
_c55
_dLucia Elande
942 _cBK
999 _c58328
_d58328